Zásady úspešného výběru pracovníků /

Guardado en:
Detalles Bibliográficos
Autores principales: Ludlow, Ron (Autor), Panton, Fergus (Autor)
Formato: Libro
Lenguaje:lenguas múltiples
Publicado: Praha : Grada
Edición:1.vyd.
Etiquetas: Agregar Etiqueta
Sin Etiquetas, Sea el primero en etiquetar este registro!

MARC

LEADER 00000nam a22000003a 4500
001 stu32739
005 20150617225733.0
008 960401s--------cs------------------mul-d
020 |a 80-7169-252-2 
040 |a STU  |b slo 
041 0 |a mul 
044 |a cs 
080 |a 658.8 
100 1 |a Ludlow, Ron  |4 aut 
245 1 |a Zásady úspešného výběru pracovníků /  |c [aut.] Ludlow,Ron; Panton,Fergius 
250 |a 1.vyd. 
260 |a Praha :  |b Grada 
300 |a 95 s 
700 1 |a Panton, Fergus  |4 aut 
996 |b J92108  |c J*92108  |l JJSK  |s A  |a 24  |w stu32739_0001